Transfery Lecha w letnim okienku transferowym 2021/2022. - Statystyki

Ogólne statystyki
  • Ten quiz został rozwiązany 116 razy
  • Średni wynik to 6 z 7
Statystyki odpowiedzi
Cena Pozycja Narodowość Poprzedni Klub Piłkarz % Poprawnych
Za darmo Lewy obrońca Szkocja Leeds Douglas
97%
Za darmo Środkowy pomocnik Polska Denizlispor Murawski
96%
100 tys Prawy obrońca Portugalia Omonia Nikozja Pereira
96%
1,20 mln Prawy napastnik Wybrzeże Kości Słoniowej Viktoria Pilzno Ba Loua
93%
? Lewy obrońca Portugalia Guingamp Rebocho
93%
Za darmo Środkowy napastnik Polska Karagumruk Sobiech
89%
Wypożyczenie Środkowy napastnik Chorwacja Ferencvaros Baturina
63%
Nie znaleziono quizów pasujących do podanych kryteriów
Rozkład punktacji
Procent ludzi z każdym wynikiem
Percentyl według liczby udzielonych odpowiedzi
Twoja historia wyników
Nie rozwiązałeś tego quizu